| 000 | 00641nam a22002057a 4500 | ||
|---|---|---|---|
| 003 | koha_MIRAKIL | ||
| 005 | 20251015134222.0 | ||
| 008 | 251015b eng||||| |||| 00| 0 eng d | ||
| 020 | _a9780141322681 | ||
| 040 |
_aTR-IsEVY _btur _cTR-IsEVY |
||
| 082 | _a420 DAH/M | ||
| 100 | _aDahl, Roald | ||
| 245 | 0 |
_aThe magic finger / _cRoald Dahl ; illustrated by Quentin Blake. |
|
| 260 |
_aLondon : _bPuffin Books, _c2008. |
||
| 300 |
_a57 p. : _bpictures ; _c19 cm. |
||
| 650 |
_aEnglish Language. _vEnglish Readers. |
||
| 650 |
_aİngiliz Dili. _vİngilizce Okuma Kitapları. |
||
| 700 | 1 |
_aBlake, Quentin. _cillustrated. |
|
| 942 |
_2ddc _cBK |
||
| 999 |
_c22735 _d22735 |
||